Formel 1 Tabelle 2023 (Fahrer) - Statistiken

Allgemein
  • Dieses Quiz wurde 276 mal gespielt
  • Das Durchschnittsergebnis liegt bei 19 aus 22
Antwortstatistiken
Hint Antwort Punkte % Korrekt
1 Verstappen 575
100%
3 Hamilton 234
99%
5 Leclerc 206
97%
2 Perez 285
97%
7 Sainz 200
94%
4 Alonso 206
93%
6 Norris 205
92%
16 Hülkenberg 9
91%
15 Bottas 10
88%
11 Gasly 62
86%
19 Magnussen 3
86%
9 Piastri 97
86%
8 Russell 175
86%
10 Stroll 74
86%
14 Tsunoda 17
86%
12 Ocon 58
84%
13 Albon 27
81%
18 Zhou 6
81%
17 Ricciardo 6
80%
21 Sargeant 1
63%
22 De Vries 0
62%
20 Lawson 2
51%
Keine übereinstimmenden Quizze gefunden
Verteilung der Resultate
Anzahl Personen mit jedem Resultat
Perzentil nach korrekt beantworteten Fragen
Ihre Resultats-Entwicklung
Sie haben dieses Quiz noch nicht gespielt